000 00448nam a2200157Ia 4500
003 Ost
005 20260507075113.0
008 260507s9999||||xx |||||||||||||| ||und||
040 _cfsecg
041 _aara
100 _aمقابلة، خالد
_eمؤلف
245 0 _aالترويج الفندقي الحديث /
_c خالد مقابلة
260 _aعمان:
_bدار وائل للنشر,
_c1999
300 _a صفحة؛
942 _cكتاب
999 _c42938
_d42938